| 000 | 01658nam0a2200397 4500 | ||
|---|---|---|---|
| 001 | RU\NLR\bibl\327405 | ||
| 005 | 20260406064617.0 | ||
| 010 |
_a5-85044-412-2 _916000 |
||
| 021 |
_aRU _b2002-36716 _91792 |
||
| 035 | _a(NLR Aleph) 000322397 | ||
| 090 |
_a105508 _c105508 |
||
| 100 | _a20021016d2002 |||y0rusy50 ca | ||
| 101 | 0 | _arus | |
| 102 | _aRU | ||
| 105 | _aa ||||||||| | ||
| 200 | 1 |
_aРастения водоема _eУчеб. пособие для школьников мл. и сред. кл. _fТ. А. Козлова, В. И. Сивоглазов |
|
| 210 |
_aМ. _cЭгмонт Россия _d2002 |
||
| 215 |
_a63 с. _d20 |
||
| 225 | 1 | _aАтлас родной природы | |
| 300 | _aНа пер. авт. не указаны | ||
| 606 | 0 |
_aВодные растения _jРуководства, пособия и т.п. _91074791 _3RU\NLR\auth\66100553 |
|
| 606 | 0 |
_aВодные растения _jУчебные издания для средней школы _91074791 _3RU\NLR\auth\66100553 |
|
| 610 | 0 | _aВодные растения - Изучение в школе | |
| 675 |
_a373.167.1:58 _v3 _zrus |
||
| 675 |
_a58(075.3) _v3 _zrus |
||
| 686 |
_a14.25 _2rugasnti |
||
| 686 |
_a28.5я721 _2rubbk |
||
| 686 | _aЕ082.35я72 | ||
| 700 | 1 |
_4070 _8rus _7ca _aКозлова _bТ. А. _cканд. пед. наук _gТатьяна Александровна _3RU\NLR\auth\7724031 _97083 |
|
| 701 | 1 |
_aСивоглазов _bВ. И. _gВладислав Иванович _4070 |
|
| 801 | 0 |
_aRU _bRKP _c20021016 _gPSBO |
|
| 801 | 1 |
_aRU _bRKP _c20021016 |
|
| 801 | 2 |
_aRU _bNLR _c20050315 _grcr |
|
| 942 | _cBOOK | ||
| 980 | _aNB | ||